| 000 | 02149nam a22003137a 4500 | ||
|---|---|---|---|
| 003 | OSt | ||
| 005 | 20260424085601.0 | ||
| 008 | 260424t2010 xxu||||| |||| 00| 0 eng d | ||
| 020 | _a9783642030109 | ||
| 020 | _a9783642030093 | ||
| 040 |
_aUnicoc _bspa _c00001 _d00001 |
||
| 082 | _a617.63 | ||
| 100 |
_913045 _a Dumitrescu, Alexandrina L. |
||
| 245 |
_aEtiology and pathogenesis of periodontal disease _c/ Alexandrina L. Dumitrescu |
||
| 250 | _a1 Ed. | ||
| 260 |
_aAlemania : _bSpringer , _c2010 |
||
| 300 |
_a332 páginas _bIlustraciones, diagramas, tablas, gráficas |
||
| 500 | _aIncluye Índice y referencias bibliográficas | ||
| 505 |
_t1. Etiology of Periodontal Disease: Dental Plaque and Calculus. -- _t2. Periodontal Microbiology. -- _t3. Particular Aspects of Periodontal Disease Pathogenesis. -- _t4. Interrelationships Between Periodontal Disease and Mortality, Cardiovascular Disease, Metabolic Syndrome, Diabetes Mellitus. -- _t5. Interrelationships Between Periodontal Disease and Adverse Pregnancy Outcomes, Respiratory Disease, Rheumatoid Arthritis, Renal Disease, Cancer, Inflammatory Bowel Disease, Alzheimer Disease; Assessing Confounding and Effect Modification. -- _t6. Genetic Variability and Periodontal Disease. -- _t7. Implication of Systemic Osteoporosis on Oral Health. -- _t8. Psychological Pathways in the Pathogenesis of Periodontal Disease. -- _t9. Periodontal-Restorative Interactions. -- _t10. Endodontic and Periodontal Interrelationship. -- _t11. Occlusal Considerations in Pathogenesis of Periodontal Disease. -- _t12. Orthodontics and Periodontics. |
||
| 526 | _5Unicoc | ||
| 546 | _aInglés | ||
| 650 | 0 |
_94194 _aEnfermedades periodontales. |
|
| 650 | 0 |
_9493 _aPeriodoncia |
|
| 650 | 0 |
_940 _aEnfermedad Periodontal _xEtiología y patogénesis |
|
| 650 | 0 |
_9530 _aPeriodontitis _xCorrelación con otras enfermedades |
|
| 658 | 0 |
_98072 _aEspecialización en Periodoncia |
|
| 856 |
_yAcceso online exclusivo para comunidad Unicoc. _uhttps://unicoceduco-my.sharepoint.com/:b:/g/personal/direccionbiblioteca_unicoc_edu_co/IQA_aiz8t95HQagxz-kr7roUAShm4pzrL0EJe18W_juwOoo?e=pZJuZz |
||
| 942 |
_2ddc _cEBOOK |
||
| 999 |
_c10878 _d10878 |
||